Ferromagnetic materials: a handbook on the properties of magnetically ordered substances
I tiakina i:
| Ngā kaituhi matua: | , |
|---|---|
| Hōputu: | Pukapuka |
| Reo: | Ingarihi |
| I whakaputaina: |
Amsterdam
North-Holland
1982
|
| Ngā marau: | |
| Ngā Tūtohu: |
Tāpirihia he Tūtohu
Kāore He Tūtohu, Me noho koe te mea tuatahi ki te tūtohu i tēnei pūkete!
|
MARC
| LEADER | 00000nam a2200000 a 4500 | ||
|---|---|---|---|
| 001 | UCX1397 | ||
| 003 | CL-VaPUC | ||
| 008 | 900820e19820000NE |||||||||||||||||eng|d | ||
| 082 | 0 | 4 | |a 538.44 |b WOH |2 21 |
| 100 | 0 | |a Wohlfarth, E. P |e author |9 316882 | |
| 700 | 0 | |a Buschow, K. H. J |e author |9 316883 | |
| 245 | 1 | 0 | |a Ferromagnetic materials: a handbook on the properties of magnetically ordered substances |
| 300 | |a 653 p | ||
| 942 | |c BK | ||
| 945 | |d 19900820 00:00:00 |a mfernand | ||
| 260 | |a Amsterdam |b North-Holland |c 1982 | ||
| 650 | 7 | |a MATERIALES FERROMAGNETICOS |2 CL-VaPUC |9 316884 | |
| 650 | 0 | |a Manuales |9 257144 | |
| 583 | |a last modification |c 19900820 00:00:00 |k Rodrigo Vera | ||
| 999 | |c 222639 |d 222637 | ||